Fundamentals of the kraft recovery process

Saved in:
Bibliographic Details
Main Author: Empie, H. Jeff
Format: Book
Language:English
Published: Norcross, G.A. Tappi Press 2009
Online Access:View in OPAC
Tags: Add Tag
No Tags, Be the first to tag this record!

MARC

LEADER 00000nam a2200000 a 4500
005 20260127134242.0
008 141020 2009 000 0 eng d
020 |a 1595101861 
035 |a vtls010629216 
039 9 |y 201410201214  |z mschk03 
040 |a STUSCHK1  |b slo  |c STUSCHK1  |e AACR2 
100 1 |a Empie, H. Jeff 
245 1 |a Fundamentals of the kraft recovery process  |c H.Jeff Empie 
260 |a Norcross, G.A.  |b Tappi Press  |c 2009 
300 |a vi, 199 p.  |b ill.  |c 28 cm 
910 |a SCHK95 
919 |a 1-59510-186-1 
999 |c 7871  |d 7871